02289agaaa2200313 45000010005000000030009000050050017000140070009000310080040000400400023000800410014001031000048001171300030001652400021001952450194002162460014004102500022004242600098004463000034005445080153005785110092007315200881008235380016017045460014017206500066017347000059018007000060018597000056019190583IT-RoPAU20220918181230.0d cvaizq50131s9999||||xx ||| | || ||und|| aIT-RoPAUcIT-RoPAU aITALIANA  aEastwood ClintgCodice regista SPICS: 45075 aINVICTUS - L'INVINCIBILE  aINVICTUS gT3891 aINVICTUS - L'INVINCIBILE cProdotto da: Eastwood C. Lorenz R -- Sceneggiatura: Peckham Anthony -- Diretto da: Eastwood ClintpINVICTUS - L'INVINCIBILE (Rif. Codice opera principale : K0583) aINVICTUS  aEdizione Standard a(USA)bN.d. / Distribuzione: MAGAZZINO DISP g"2009 (1° ed.: 2010 ; Ed. Lingua Orig.: 2009)" aDVDbsonoro, col.c128 minuti a"Fotografia: Stern Tom ; Montaggio: Cox Joel Roach Gary ; Musica: Eastwood Kyle; Sceneggiatura: Peckham Anthony ; Scenografia: Murakami James J. ; " a"Freeman Morgan; Damon Matt; Kgoroge Tony; Mofokeng Patrick; Stern Matt; Andoh Adjoa; " a"PER LA LOTTA EROICA CONTRO L'APARTHEID E' STATO IN PRIGIONE PER 27 ANNI. COSA FA QUINDI NELSON MANDELA DOPO ESSERE STATO ELETTO PRESIDENTE DEL SUDAFRICA CON LIBERE ELEZIONI? RIFIUTA LA VENDETTA, PERDONA I SUOI PERSECUTORI E COLTIVA LA SPERANZA DI RITROVARE L'UNITA' NAZIONALE IN UN LUOGO DAVVERO INUSUALE: UN CAMPO DI RUGBY. INFATTI IL SUDAFRICA SI VEDE ASSEGNATO IL CAMPIONATO MONDIALE DI RUGBY DEL 1995. E SULLA SCENA INTERNAZIONALE RITORNANO GLI SPRINGBOKS, LA NAZIONALE SUDAFRICANA CHE ERA STATA BANDITA DAI CAMPI DI TUTTO IL MONDO A CAUSA DELL'APARTHEID. E MANDELA CHIEDE AL CAPITANO DELLA NAZIONALE DI RUGBY E ALLA SUA SQUADRA DATA PER PERDENTE DI REALIZZARE L'IMPOSSIBILE VINCENDO LA COPPA DEL MONDO. UNA SQUADRA, UNA NAZIONE. RIUSCIRANNO A VINCERE. CONTENUTI EXTRA: MATT DAMON GIOCA A RUGBY, COME TRASFORMARE UNA STAR DI HOLLYWOOD IN UN GIOCATORE DI RUGBY; TRAILER. " aPAL, STEREO aITALIANA  aDRAMMA - BIOGRAF.eDVD-FILM [DVD]xCodice MATERIA SPICS: 9947 aCarlin John e(soggetto)gCodice Soggetto SPICS: 60233 aEastwood Clint e(regista)gCodice regista SPICS: 45075 aEastwood Kylee(musica)gCodice Musica SPICS: 59798